<?xml version="1.0" encoding="UTF-8"?>
<record
    xmlns:xsi="http://www.w3.org/2001/XMLSchema-instance"
    xsi:schemaLocation="http://www.loc.gov/MARC21/slim http://www.loc.gov/standards/marcxml/schema/MARC21slim.xsd"
    xmlns="http://www.loc.gov/MARC21/slim">

  <leader>01052nam a2200301 ia4500</leader>
  <controlfield tag="003">OSt</controlfield>
  <controlfield tag="005">20240730104016.0</controlfield>
  <controlfield tag="008">240730s2024    my ao  j      000 0 may d</controlfield>
  <datafield tag="020" ind1=" " ind2=" ">
    <subfield code="a">9789670081021</subfield>
    <subfield code="q">set</subfield>
  </datafield>
  <datafield tag="020" ind1=" " ind2=" ">
    <subfield code="a">9789670081045</subfield>
    <subfield code="c">RM 44.50</subfield>
    <subfield code="q">paperback</subfield>
  </datafield>
  <datafield tag="040" ind1=" " ind2=" ">
    <subfield code="a">PPAK</subfield>
    <subfield code="b">eng</subfield>
    <subfield code="c">PPAK</subfield>
    <subfield code="e">rda</subfield>
  </datafield>
  <datafield tag="082" ind1="0" ind2="4">
    <subfield code="2">23</subfield>
    <subfield code="a">306.09595</subfield>
  </datafield>
  <datafield tag="090" ind1="0" ind2="0">
    <subfield code="a">306.09595</subfield>
    <subfield code="b">SAL</subfield>
    <subfield code="d">K</subfield>
  </datafield>
  <datafield tag="100" ind1="0" ind2=" ">
    <subfield code="a">Salamiah Abdullah, </subfield>
    <subfield code="e">author.</subfield>
  </datafield>
  <datafield tag="245" ind1="1" ind2="0">
    <subfield code="a">Adat Resam Masyarakat India / </subfield>
    <subfield code="c">Salamiah Abdullah</subfield>
  </datafield>
  <datafield tag="264" ind1=" " ind2="1">
    <subfield code="a">Kulai, Johor : </subfield>
    <subfield code="b">PUSTAKA NENAS, </subfield>
    <subfield code="c">2024</subfield>
  </datafield>
  <datafield tag="300" ind1=" " ind2=" ">
    <subfield code="a">48 pages :</subfield>
    <subfield code="b">colour photographs ;</subfield>
    <subfield code="c">26 cm</subfield>
  </datafield>
  <datafield tag="336" ind1=" " ind2=" ">
    <subfield code="a">text</subfield>
    <subfield code="2">rdacontent</subfield>
  </datafield>
  <datafield tag="337" ind1=" " ind2=" ">
    <subfield code="a">unmediated</subfield>
    <subfield code="2">rdamedia</subfield>
  </datafield>
  <datafield tag="338" ind1=" " ind2=" ">
    <subfield code="a">volume</subfield>
    <subfield code="2">rdacarrier</subfield>
  </datafield>
  <datafield tag="490" ind1="1" ind2=" ">
    <subfield code="a">RESAM MASYARAKAT MALAYSIA</subfield>
  </datafield>
  <datafield tag="650" ind1="1" ind2="0">
    <subfield code="a">Culture </subfield>
    <subfield code="z">Malaysia</subfield>
    <subfield code="v">Juvenile literature</subfield>
  </datafield>
  <datafield tag="650" ind1="2" ind2="0">
    <subfield code="a">Indian (Asian people)</subfield>
    <subfield code="z">Malaysia</subfield>
    <subfield code="v">Juvenile literature</subfield>
  </datafield>
  <datafield tag="651" ind1=" " ind2="0">
    <subfield code="a">Malaysia </subfield>
    <subfield code="x">Social life and customs </subfield>
    <subfield code="v">Juvenile literature</subfield>
  </datafield>
  <datafield tag="651" ind1=" " ind2="0">
    <subfield code="a">Malaysia </subfield>
    <subfield code="x">History </subfield>
    <subfield code="v">Juvenile literature</subfield>
  </datafield>
  <datafield tag="830" ind1=" " ind2="0">
    <subfield code="a">Resam masyarakat Malaysia</subfield>
  </datafield>
  <datafield tag="942" ind1=" " ind2=" ">
    <subfield code="2">ddc</subfield>
    <subfield code="c">B</subfield>
  </datafield>
  <datafield tag="999" ind1=" " ind2=" ">
    <subfield code="c">196375</subfield>
    <subfield code="d">196375</subfield>
  </datafield>
  <datafield tag="952" ind1=" " ind2=" ">
    <subfield code="0">0</subfield>
    <subfield code="7">0</subfield>
    <subfield code="b">PPAK</subfield>
    <subfield code="c">K</subfield>
    <subfield code="d">2024-08-07</subfield>
    <subfield code="l">0</subfield>
    <subfield code="o">K 306.09595 SAL</subfield>
    <subfield code="p">A01833847</subfield>
    <subfield code="r">2024-08-07 15:16:57</subfield>
    <subfield code="y">B</subfield>
  </datafield>
  <datafield tag="952" ind1=" " ind2=" ">
    <subfield code="0">0</subfield>
    <subfield code="7">0</subfield>
    <subfield code="b">SP</subfield>
    <subfield code="c">K</subfield>
    <subfield code="d">2024-08-07</subfield>
    <subfield code="l">2</subfield>
    <subfield code="o">K 306.09595 SAL</subfield>
    <subfield code="p">A01833848</subfield>
    <subfield code="r">2025-06-10 07:50:34</subfield>
    <subfield code="s">2025-06-01</subfield>
    <subfield code="y">B</subfield>
  </datafield>
  <datafield tag="952" ind1=" " ind2=" ">
    <subfield code="0">0</subfield>
    <subfield code="7">0</subfield>
    <subfield code="b">JT</subfield>
    <subfield code="c">K</subfield>
    <subfield code="d">2024-08-07</subfield>
    <subfield code="l">1</subfield>
    <subfield code="o">K 306.09595 SAL</subfield>
    <subfield code="p">A01833849</subfield>
    <subfield code="r">2025-02-05 14:59:32</subfield>
    <subfield code="s">2024-11-06</subfield>
    <subfield code="y">B</subfield>
  </datafield>
  <datafield tag="952" ind1=" " ind2=" ">
    <subfield code="0">0</subfield>
    <subfield code="7">0</subfield>
    <subfield code="b">LW</subfield>
    <subfield code="c">K</subfield>
    <subfield code="d">2024-08-07</subfield>
    <subfield code="l">1</subfield>
    <subfield code="o">K 306.09595 SAL</subfield>
    <subfield code="p">A01833850</subfield>
    <subfield code="q">2026-04-30</subfield>
    <subfield code="r">2026-04-09 12:26:18</subfield>
    <subfield code="s">2026-04-09</subfield>
    <subfield code="y">B</subfield>
  </datafield>
  <datafield tag="952" ind1=" " ind2=" ">
    <subfield code="0">0</subfield>
    <subfield code="7">0</subfield>
    <subfield code="b">KM</subfield>
    <subfield code="c">K</subfield>
    <subfield code="d">2024-08-07</subfield>
    <subfield code="l">0</subfield>
    <subfield code="o">K 306.09595 SAL</subfield>
    <subfield code="p">A01833851</subfield>
    <subfield code="r">2024-08-07 15:16:57</subfield>
    <subfield code="y">B</subfield>
  </datafield>
  <datafield tag="952" ind1=" " ind2=" ">
    <subfield code="0">0</subfield>
    <subfield code="7">0</subfield>
    <subfield code="b">BL</subfield>
    <subfield code="c">K</subfield>
    <subfield code="d">2024-08-07</subfield>
    <subfield code="l">0</subfield>
    <subfield code="o">K 306.09595 SAL</subfield>
    <subfield code="p">A01833852</subfield>
    <subfield code="r">2024-08-07 15:16:57</subfield>
    <subfield code="y">B</subfield>
  </datafield>
  <datafield tag="952" ind1=" " ind2=" ">
    <subfield code="0">0</subfield>
    <subfield code="7">0</subfield>
    <subfield code="b">BB</subfield>
    <subfield code="c">K</subfield>
    <subfield code="d">2024-08-07</subfield>
    <subfield code="l">0</subfield>
    <subfield code="o">K 306.09595 SAL</subfield>
    <subfield code="p">A01833853</subfield>
    <subfield code="r">2024-08-07 15:16:57</subfield>
    <subfield code="y">B</subfield>
  </datafield>
  <datafield tag="952" ind1=" " ind2=" ">
    <subfield code="0">0</subfield>
    <subfield code="7">0</subfield>
    <subfield code="b">MR</subfield>
    <subfield code="c">K</subfield>
    <subfield code="d">2024-08-07</subfield>
    <subfield code="l">0</subfield>
    <subfield code="o">K 306.09595 SAL</subfield>
    <subfield code="p">A01833854</subfield>
    <subfield code="r">2024-08-07 15:16:57</subfield>
    <subfield code="y">B</subfield>
  </datafield>
  <datafield tag="952" ind1=" " ind2=" ">
    <subfield code="0">0</subfield>
    <subfield code="7">0</subfield>
    <subfield code="b">YN</subfield>
    <subfield code="c">K</subfield>
    <subfield code="d">2024-08-07</subfield>
    <subfield code="l">0</subfield>
    <subfield code="o">K 306.09595 SAL</subfield>
    <subfield code="p">A01833855</subfield>
    <subfield code="r">2024-08-07 15:16:57</subfield>
    <subfield code="y">B</subfield>
  </datafield>
  <datafield tag="952" ind1=" " ind2=" ">
    <subfield code="0">0</subfield>
    <subfield code="7">0</subfield>
    <subfield code="b">SK</subfield>
    <subfield code="c">K</subfield>
    <subfield code="d">2024-08-07</subfield>
    <subfield code="l">1</subfield>
    <subfield code="o">K 306.09595 SAL</subfield>
    <subfield code="p">A01833856</subfield>
    <subfield code="r">2025-07-03 14:59:32</subfield>
    <subfield code="s">2025-06-25</subfield>
    <subfield code="y">B</subfield>
  </datafield>
</record>
